Money and Banking

Gespeichert in:
Bibliographische Detailangaben
1. Verfasser: Kamerschen, David R.
Format: Buch
Sprache:Englisch
Veröffentlicht: Cincinnati South-Western Pub. Co. 1988
Ausgabe:1. ed.
Schlagworte:
Tags: Tag hinzufügen
Keine Tags, Fügen Sie das erste Tag hinzu!

MARC

LEADER 00000nam a2200000 4500
001 c002602
005 20221206134414.2
020 |a 0-538-08271-2 
041 0 |a eng 
044 |a US 
245 1 0 |a Money and Banking  |c David R. Kamerschen 
250 |a 1. ed. 
264 1 |a Cincinnati  |b South-Western Pub. Co.  |c 1988 
300 |a 663 s. 
610 2 0 |a peniaze 
610 2 0 |a bankovníctvo 
610 2 0 |a nástroje finančné 
610 2 0 |a banky 
610 2 0 |a úver 
610 2 0 |a služby 
610 2 0 |a financie 
610 2 0 |a USA 
610 2 0 |a sústava banková 
610 2 0 |a politika fiškálna 
610 2 0 |a zákony 
610 2 0 |a poisťovníctvo 
100 1 |a Kamerschen, David R.